Banky so zahraničným kapitálom sú ziskovejšie

Prehľad základných údajov bánk pôsobiacich na Slovensku. Limit kapitálovej primeranosti. Neoficiálne rozdelenie bánk na Slovensku.

Gespeichert in:
Bibliographische Detailangaben
1. Verfasser: Onuferová, Marianna
Weitere Verfasser: Vechter, Juraj
Format: Buchkapitel
Sprache:Slowakisch
Schlagworte:
Tags: Tag hinzufügen
Keine Tags, Fügen Sie das erste Tag hinzu!

MARC

LEADER 00000naa a2200000 4500
001 r034689
005 20230919123740.5
041 0 |a slo 
044 |a SK 
245 1 0 |a Banky so zahraničným kapitálom sú ziskovejšie  |c Marianna Onuferová, Juraj Vechter 
520 |a Prehľad základných údajov bánk pôsobiacich na Slovensku. Limit kapitálovej primeranosti. Neoficiálne rozdelenie bánk na Slovensku. 
610 2 0 |a banky 
610 2 0 |a reštrukturalizácia 
610 2 0 |a primeranosť kapitálová 
610 2 0 |a kapitál bankový 
610 2 0 |a kapitál zahraničný 
610 2 0 |a úver 
610 2 0 |a zisk kapitálový 
610 2 0 |a Slovensko 
100 1 |a Onuferová, Marianna 
700 1 |a Vechter, Juraj